| 000 | 01065nam a2200265Ia 4500 | ||
|---|---|---|---|
| 003 | OSt | ||
| 005 | 20221005104309.0 | ||
| 006 | a|||||r|||| 00| 0 | ||
| 007 | ta | ||
| 008 | 221004b |||||||| |||| 00| 0 hin d | ||
| 020 |
_a9789352669035 (hbk) _cINR 400.00 |
||
| 024 | _a66442 | ||
| 037 |
_bGV726, 11/03/2020, Vani Prakashan _cTextual |
||
| 040 |
_aCRL _cCRL _bhin |
||
| 041 |
_2hin _ahin |
||
| 082 | _aY11:45(D65,8(B):71), 152Q8 | ||
| 100 |
_aगुरूदीन, के. संजय कुमार, ले. _9623774 |
||
| 245 | 0 | _aक्या आपका बच्चा सुरक्षित है? | |
| 246 | _aKyā āpakā bachchā surakṣhit hai | ||
| 260 |
_aदिल्ली _bप्रभात प्रकाशन भारत _c2018 |
||
| 300 |
_a223पृ0 _ccm. |
||
| 650 | _aसमाजशास्त्र | ||
| 942 |
_hY11:45(D65,8(B):71), 152Q8 _cTEXL _2cc |
||
| 999 |
_c1012307 _d1012307 |
||